000 01098nam a22002177a 4500
999 _c65155
_d65155
005 20240530110810.0
008 190115s2008 ua a f 000 0 ara d
017 _a2008/1984
_bمصر. دار الكتب
020 _a9771805166
040 _aEG-CaGPL
_cEG-CaGPL
082 0 4 _221
_a780 /
_bي ك
100 0 _aيحيى بن على بن يحيى المنجم
245 1 0 _aكتاب النغم فى الموسيقى :
_bلرسالة يحيى بن على بن يحيى المنجم المتوفى سنة 300 هـ : مذيلة بطرائق الاصوات التى تجمع النغم الثمانية والنغم العشر على ضوء ايقاعاتها وتجنيساتها كما وردت فى كتاب الاغانى /
_cيحيى بن على بن يحيى المنجم
250 _aط.1
260 _aالقاهرة :
_bمطبعة دار الكتب و الوثائق القومية بالقاهرة ،
_c2008.
300 _a94 ص. :
_bايض ؛
_c29 سم.
650 0 7 _2qrmak
_aالموسيقى
651 _2qrmak
942 _2ddc
_cBK